| 000 | 00751nam a22002417a 4500 | ||
|---|---|---|---|
| 999 |
_c4805 _d4805 |
||
| 001 | 254 | ||
| 003 | BD-DhUAP | ||
| 005 | 20201122104419.0 | ||
| 008 | 201122s1991 nyua|||| |||| 001 0 eng d | ||
| 020 | _a0895733129 | ||
| 020 | _a3527267468 | ||
| 040 |
_aBD-DhUAP _bEng _cBD-DhUAP _dBD-DhUAP |
||
| 082 |
_223 _a547.641 TER |
||
| 100 | _aTerrier, François. | ||
| 245 |
_aNucleophilic aromatic displacement : _bthe influence of the nitro group / _cFrançois Terrier. |
||
| 260 |
_aNew York, N.Y. : _bVCH Publishers, _c©1991. |
||
| 300 |
_axi, 460 pages : _billustrations ; _c24 cm. |
||
| 500 | _aIncludes index. | ||
| 650 | _aSubstitution reactions. | ||
| 650 | _aAromatic compounds. | ||
| 650 | _aOrganonitrogen compounds. | ||
| 942 |
_2ddc _cBK |
||